000 00797nam a2200205 a 4500
005 20140412111256.0
008 010319s19uu xx 00 eng d
020 _a0-590-33127-2
050 _aER
_bWe37 1998
100 _aKrensky, Stephen
245 _aWe just moved! /
_cby Stephen Krensky ; illustrated by Larry DiFiori.
260 _aNew York :
_bScholastic Inc,
_c1998.
300 _a1 v. (unp.) ; ill.
440 _aHello Reader!, Level 2
520 _aWhen a boy moves with his family to a bigger castle, he finds that some things about life in the new place are different, some things are the same, and he gets more comfortable the longer he is there.
650 _aMoving, Household - Fiction
650 _aCastles - Fiction
650 _aMiddle Ages - Fiction
999 _c103235
_d103235